<?xml version="1.0" encoding="UTF-8"?>
<collection xmlns="http://www.loc.gov/MARC21/slim">
 <record>
  <leader>00695nam a22002415a 4500</leader>
  <controlfield tag="001">EHU.bham040024</controlfield>
  <controlfield tag="003">AR-BHAM</controlfield>
  <controlfield tag="005">20190612103808.0</controlfield>
  <controlfield tag="005">00000000000000.0</controlfield>
  <controlfield tag="008">810507s1960####ag#a##########000#0#spa#d</controlfield>
  <datafield tag="010" ind1=" " ind2=" ">
   <subfield code="a">62047948</subfield>
  </datafield>
  <datafield tag="082" ind1="A" ind2="8">
   <subfield code="a">862.3</subfield>
  </datafield>
  <datafield tag="100" ind1="1" ind2=" ">
   <subfield code="a">Sánchez, Florencio, 1875-1910</subfield>
  </datafield>
  <datafield tag="245" ind1="1" ind2="0">
   <subfield code="a">Barranca abajo :</subfield>
   <subfield code="b">m'hijo el dotor  /</subfield>
   <subfield code="c"> Florencio Sánchez</subfield>
  </datafield>
  <datafield tag="250" ind1=" " ind2=" ">
   <subfield code="a">2a. ed.</subfield>
  </datafield>
  <datafield tag="260" ind1=" " ind2=" ">
   <subfield code="a">Buenos Aires :</subfield>
   <subfield code="b">Eudeba,</subfield>
   <subfield code="c">1965</subfield>
  </datafield>
  <datafield tag="300" ind1=" " ind2=" ">
   <subfield code="a">142 p. il.</subfield>
  </datafield>
  <datafield tag="490" ind1="0" ind2=" ">
   <subfield code="a">Serie del siglo y medio ; 12</subfield>
  </datafield>
  <datafield tag="653" ind1=" " ind2=" ">
   <subfield code="a">Literatura rioplatense</subfield>
  </datafield>
  <datafield tag="653" ind1=" " ind2=" ">
   <subfield code="a">Teatro rioplatense</subfield>
  </datafield>
  <datafield tag="653" ind1=" " ind2=" ">
   <subfield code="a">Modernismo</subfield>
  </datafield>
  <datafield tag="859" ind1=" " ind2=" ">
   <subfield code="a">AR-BHAM</subfield>
   <subfield code="b">BIB. HUMANIDADES - General</subfield>
   <subfield code="h">A862.3</subfield>
   <subfield code="i">Sa55-3</subfield>
   <subfield code="k">A</subfield>
   <subfield code="p">138.06</subfield>
   <subfield code="t">Ej.1</subfield>
  </datafield>
 </record>
</collection>
